| Tag |
First Indicator |
Second Indicator |
Subfields |
| LEADER |
00000cam a2200000 4500 |
| 001 |
in00000026275 |
| 005 |
20151007061223.0 |
| 008 |
720413s1966 nyua 00010 eng u |
| 010 |
|
|
|a 66016296
|
| 035 |
|
|
|a (OCoLC)00283918
|
| 035 |
|
|
|9 AAD1469AM
|
| 040 |
|
|
|c WSU
|d TXA
|d UtOrBLW
|
| 049 |
|
|
|a TXAM
|c [463023]
|
| 050 |
|
0 |
|a PS3511.A738
|b W45
|
| 092 |
|
|
|a 818
|b F245w
|
| 100 |
1 |
|
|a Farrell, James T.
|q (James Thomas),
|d 1904-1979.
|
| 245 |
1 |
0 |
|a When time was born /
|c by James T. Farrell. Drawings by Stephen Dwoskin.
|
| 264 |
|
1 |
|a [New York] :
|b The Smith, by arrangement with Horizon Press,
|c [1966]
|
| 300 |
|
|
|a 64 pages :
|b illustrations ;
|c 23 cm.
|
| 336 |
|
|
|a text
|b txt
|2 rdacontent
|
| 337 |
|
|
|a unmediated
|b n
|2 rdamedia
|
| 338 |
|
|
|a volume
|b nc
|2 rdacarrier
|
| 999 |
|
|
|a MARS
|
| 999 |
f |
f |
|s 04821af7-59e6-3987-8188-3cd11e0cba3d
|i 475fb53e-0293-3274-9c7d-ae25bcc9e63e
|t 0
|
| 952 |
f |
f |
|p ric
|a Texas A&M University
|b Rellis Campus
|c Joint Library Facility
|d Remote Storage
|t 0
|e PS3511.A738 W45
|h Library of Congress classification
|i unmediated -- volume
|m A14801264060
|
| 998 |
f |
f |
|a PS3511.A738 W45
|t 0
|l Remote Storage
|